1603 1167 1107 1291 1753 1160 1269 1892 1271 1905 1254 1613 1850 1601 1116 1157 1715 1696 1001 1787 1118 1938 1753 1309 1939 1965 1519 1742 1935 1095 1345 1769 1577 1882 1452 1333 1615 1959 1099 1393 1481 1231 1935 1368 1315 1920 1717 1720 1153 1873 1268 1175 1476 1251 1401 1614 1001 1882 1819 1806 1715 1794 1413 1726 1113 1171 1804 1265 1481 1856 1161 1764 1315 1100 1897 1267 1631 1042 1573 1611 1366 1068 1128 1451 1851 1491 1777 1176 1902 1226 1182 1409 1554 1858 1219 1815 1250 1756 1217 BCNSPRNW ULIB Ver.6.0+V

เปลี่ยนเป็นภาษาไทย

Change to English
 แสดงรายละเอียดบรรณานุกรม
  กลับหน้าหลัก

Brief Record : Get Marc (ISO 2709) : E-mail record : QR code < ปิดหน้าต่าง
LEADER : 00000nam 2200000uu 4500
001    13399112285
003     ULIB
008    110802s2548||||th 000 0 tha d
020    9789749297964
020    9749297962
040    bic
050  4 HF62.5^bว634ร 2548
100 0  วิบูลย์ จุง
245 10 รับมือกับงาน จัดการกับคน /^cวิบูลย์ จุง
250    พิมพ์ครั้งที่ 2
260    กรุงเทพฯ :^bbrain infinlty,^c2548
300    159 หน้า :^bภาพประกอบ ;^c22 ซม.
650  4 การบริหารงานบุคคล
945    ^p125^l0^i022554
945    ^p125^l0^i022555
995    ทศพร
999 ^a ทศพร
รายการนี้ยังไม่มีแท็ก
คุณยังไม่ได้ล็อกอิน คุณสามารถมีกิจกรรมร่วมกับเว็บไซต์ได้ แต่ต้องล็อกอินก่อน ::
  ล็อกอิน

รายการสื่อสารสนเทศ

ลำดับที่ ประเภท เลขเรียก/บาร์โค้ด สถานที่ สถานะ
1. การศึกษาทั่วไป
การศึกษาทั่วไป
HF62.5 ว634ร 2548 ฉ.2 
  Barcode: 022555
ห้องสมุดวิทยาเขตนครสวรรค์
►หนังสือทั่วไป:l:General Books
บนชั้น

รายการใกล้เคียง
    ผู้แต่ง [วิบูลย์ จุง]

    หัวเรื่อง [การบริหารงานบุคคล]

BibComment


ยังไม่เคยถูกคอมเมนท์

คอมเมนท์ทรัพยากรรายการนี้
  คอมเมนท์: รับมือกับงาน จัดก..


 Copyright 2026. Bcnsprnw @Library